| Tag |
First Indicator |
Second Indicator |
Subfields |
| LEADER |
00000cam a2200000 a 4500 |
| 001 |
in00002055152 |
| 005 |
20151101065006.0 |
| 008 |
050408s2005 enk b 001 0 eng |
| 020 |
|
|
|a 0198568819 (pbk.)
|
| 035 |
|
|
|a (OCoLC)ocm59137793
|
| 040 |
|
|
|a UKM
|b eng
|c UKM
|d C#P
|d TXA
|d UtOrBLW
|
| 049 |
|
|
|a TXAM
|
| 082 |
0 |
|
|a 937.07
|2 22
|
| 090 |
|
|
|a B288
|b .W45 2005
|
| 100 |
1 |
|
|a Whitmarsh, Tim.
|
| 245 |
1 |
4 |
|a The second sophistic /
|c by Tim Whitmarsh.
|
| 264 |
|
1 |
|a Oxford ;
|a New York :
|b Oxford University Press,
|c 2005.
|
| 300 |
|
|
|a 106 pages ;
|c 24 cm.
|
| 336 |
|
|
|a text
|b txt
|2 rdacontent
|
| 337 |
|
|
|a unmediated
|b n
|2 rdamedia
|
| 338 |
|
|
|a volume
|b nc
|2 rdacarrier
|
| 490 |
1 |
|
|a Greece & Rome. New surveys in the classics ;
|v no. 35
|
| 504 |
|
|
|a Includes bibliographical references and index.
|
| 650 |
|
0 |
|a Sophists (Greek philosophy)
|
| 650 |
|
0 |
|a Rhetoric, Ancient.
|
| 651 |
|
0 |
|a Rome
|x History
|y Empire, 30 B.C.-284 A.D.
|
| 651 |
|
0 |
|a Rome
|x Civilization
|x Greek influences.
|
| 830 |
|
0 |
|a Greece & Rome.
|p New surveys in the classics ;
|v no. 35.
|
| 948 |
|
|
|a cataloged
|b h
|c 2005/5/25
|d c
|e dmitchel
|f 8:50:40 am
|
| 994 |
|
|
|a E0
|b TXA
|
| 999 |
|
|
|a MARS
|
| 999 |
f |
f |
|s 0f60ca34-7d2d-3805-9101-a52defd72dbd
|i 04946dd6-eb7e-3e94-a392-147a22714e60
|t 0
|
| 952 |
f |
f |
|p normal
|a Texas A&M University
|b College Station
|c Sterling C. Evans Library
|d Evans: Library Stacks
|t 0
|e B288 .W45 2005
|h Library of Congress classification
|i unmediated -- volume
|m A14833785979
|
| 998 |
f |
f |
|a B288 .W45 2005
|t 0
|l Evans: Library Stacks
|